Ciencias (Record no. 157386)
[ view plain ]
| 000 -LEADER | |
|---|---|
| fixed length control field | 00837nam a22002297a 4500 |
| 005 - DATE AND TIME OF LATEST TRANSACTION | |
| control field | 20211021095807.0 |
| 008 - FIXED-LENGTH DATA ELEMENTS--GENERAL INFORMATION | |
| fixed length control field | 210827b mx ||||| |||| 00| 0 spa d |
| 020 ## - INTERNATIONAL STANDARD BOOK NUMBER | |
| International Standard Book Number | 9687529245 |
| 050 04 - LIBRARY OF CONGRESS CALL NUMBER | |
| Classification number | Q158.5 |
| Item number | R63 1998 |
| 100 1# - MAIN ENTRY--PERSONAL NAME | |
| Personal name | Rodríguez Durán, Armando |
| 245 10 - TITLE STATEMENT | |
| Title | Ciencias |
| Remainder of title | : el ser humando y su ambiente natural |
| Statement of responsibility, etc | / Armando Rodríguez Durán, Norma I. López Ramírez, Héctor E. Quuintero Vilella. |
| 250 ## - EDITION STATEMENT | |
| Edition statement | 1a ed. |
| 260 ## - PUBLICATION, DISTRIBUTION, ETC. (IMPRINT) | |
| Place of publication, distribution, etc | México : |
| Name of publisher, distributor, etc | International Thomson, |
| Date of publication, distribution, etc | 1999 |
| 300 ## - PHYSICAL DESCRIPTION | |
| Extent | xii, 163 p. : |
| Other physical details | il. ; |
| Dimensions | 25 cm. |
| 504 ## - BIBLIOGRAPHY, ETC. NOTE | |
| Bibliography, etc | Incluye bibliografías e índice |
| 650 #7 - SUBJECT ADDED ENTRY--TOPICAL TERM | |
| Source of heading or term | lemb |
| Topical term or geographic name as entry element | Ciencia |
| 650 #7 - SUBJECT ADDED ENTRY--TOPICAL TERM | |
| Source of heading or term | lemb |
| Topical term or geographic name as entry element | Biología |
| 650 #7 - SUBJECT ADDED ENTRY--TOPICAL TERM | |
| Source of heading or term | lemb |
| Topical term or geographic name as entry element | Ciencia |
| General subdivision | Estudio y enseñanza (Secundaria) |
| 700 1# - ADDED ENTRY--PERSONAL NAME | |
| Personal name | López Ramírez, Norma I., |
| Relator term | autor |
| 700 1# - ADDED ENTRY--PERSONAL NAME | |
| Personal name | Quintero Vilella, Héctor E., |
| Relator term | autor |
| 942 ## - ADDED ENTRY ELEMENTS (KOHA) | |
| Source of classification or shelving scheme | Biblioteca del Cogreso de los Estados Unidos |
| Koha item type | Libro |
| Estado de pérdida | Fuente de clasificación | Estado del daño | No para préstamo | Ubicación permanente | Ubicación actual | Apartado o colección | Fecha de adquisición | Edición | Área del conocimiento | Clasificación | Código de Barras | Date last seen | Número de copia | Costo por reposición | Tipo de recurso |
|---|---|---|---|---|---|---|---|---|---|---|---|---|---|---|---|
| Biblioteca del Cogreso de los Estados Unidos | Biblioteca de la Preparatoria José Ma. Morelos | Biblioteca de la Preparatoria José Ma. Morelos | General | 27/08/2021 | 1a ed. | Ciencias Naturales y Exactas | Q158.5 R63 r1999 | PJM000003602 | 27/08/2021 | 1 | 1.00 | Libro | |||
| Biblioteca del Cogreso de los Estados Unidos | Biblioteca de la Preparatoria José Ma. Morelos | Biblioteca de la Preparatoria José Ma. Morelos | General | 27/08/2021 | 1a ed. | Ciencias Naturales y Exactas | Q158.5 R63 r1999 | PJM000003603 | 27/08/2021 | 2 | 1.00 | Libro |